[Event "FRA-chT U20"]
[Site "Pau"]
[Date "2005.12.20"]
[Round "7"]
[White "Boutaut, Pierre"]
[Black "L'Huillier, Robin"]
[Result "1/2-1/2"]
[WhiteElo "1863"]
[BlackElo "1710"]
[PlyCount "51"]
[EventDate "2005.12.??"]
[EventType "team"]
[EventRounds "11"]
[EventCountry "FRA"]
[SourceTitle "EXT 2007"]
[Source "ChessBase"]
[SourceDate "2006.11.23"]
[SourceVersion "1"]
[SourceVersionDate "2006.11.23"]
[SourceQuality "1"]
[WhiteTeam "Montpellier"]
[BlackTeam "Creteil"]
[WhiteTeamCountry "FRA"]
[BlackTeamCountry "FRA"]

1. d4 d5 2. Nf3 Nc6 3. c3 Bf5 4. e3 Nf6 5. Nbd2 e6 6. b3 Bd6 7. Bb5 a6 8. Be2 0-0 9. Bb2 e5 10. dxe5 Nxe5 11. Nxe5 Bxe5 12. Nf3 Bd6 13. 0-0 c6 14. c4 Be6 15. Nd4 Qc7 16. Nf3 Ng4 17. h3 Ne5 18. cxd5 Bxd5 19. Rc1 Nxf3+ 20. Bxf3 Bxf3 21. Qxf3 Be5 22. Qe2 Rad8 23. Rfd1 Bxb2 24. Qxb2 Rxd1+ 25. Rxd1 Rd8 26. Rd4 1/2-1/2

[Event "FRA-chT U20 0203"]
[Site "Clichy"]
[Date "2003.01.04"]
[Round "5.7"]
[White "Palacios Aguilar, Diego Andre"]
[Black "Boutaut, Pierre"]
[Result "1-0"]
[WhiteElo "1490"]
[BlackElo "1510"]
[PlyCount "133"]
[EventDate "2002.12.??"]
[EventType "team"]
[EventRounds "11"]
[EventCountry "FRA"]
[SourceTitle "EXT 2004"]
[Source "ChessBase"]
[SourceDate "2003.11.25"]
[SourceVersion "1"]
[SourceVersionDate "2003.11.25"]
[SourceQuality "1"]
[WhiteTeam "Paris NAO"]
[BlackTeam "Montpellier"]
[WhiteTeamCountry "FRA"]
[BlackTeamCountry "FRA"]

1. e4 e5 2. Nf3 Nc6 3. d4 exd4 4. Nxd4 Be7 5. Nxc6 dxc6 6. Qxd8+ Bxd8 7. Nc3 Nf6 8. Bg5 Be6 9. Bd3 h6 10. Bf4 Nh5 11. Be3 Be7 12. 0-0 0-0 13. Rad1 Bd6 14. f4 f5 15. Be2 g6 16. Bxh5 gxh5 17. Rf3 Kh7 18. e5 Be7 19. Ne2 Rg8 20. Nd4 Bd5 21. Rf2 Be4 22. Ne6 Rg6 23. Nxc7 Rd8 24. Rdd2 Rdg8 25. g3 h4 26. Rd7 R8g7 27. Kf1 hxg3 28. hxg3 Rxg3 29. Ne6 Rf7 30. Bc5 Bd5 31. Bxe7 Bxe6 32. Rc7 Rgg7 33. Rxb7 Rxe7 34. Rxe7 Rxe7 35. a3 Kh8 36. Rd2 Bd5 37. Kf2 Rh7 38. b3 h5 39. Kg3 Kg7 40. Kh4 Kh6 41. c4 Rg7 42. cxd5 Rg4+ 43. Kh3 cxd5 44. Rxd5 Rxf4 45. Rd6+ Kg5 46. e6 Kf6 47. Rd7 Kxe6 48. Rxa7 Kf6 49. Kg3 Kg5 50. Rg7+ Kf6 51. Kxf4 Kxg7 52. Kxf5 h4 53. Kg4 Kf6 54. Kxh4 Ke7 55. a4 Kd7 56. b4 Kc7 57. Kg4 Kb6 58. Kf4 Ka6 59. Ke5 Kb6 60. Kd5 Ka6 61. Kc6 Ka7 62. b5 Ka8 63. b6 Kb8 64. b7 Ka7 65. Kc7 Ka6 66. b8Q Ka5 67. Qb5# 1-0